Jamaica española

Salvato in:
Dettagli Bibliografici
Autore principale: Morales Padrón, Francisco (autor)
Natura: Libro
Lingua:spagnolo
Pubblicazione: Sevilla Escuela de Estudios Hispano-Americanos de Sevilla 1952
Soggetti:
Tags: Aggiungi Tag
Nessun Tag, puoi essere il primo ad aggiungerne!!

MARC

LEADER 00000nam a2200000 a 4500
001 UCO1155
003 CL-VaPUC
008 000512e19520000SP |||||||||||||||||spa|d
082 0 4 |a 972.92  |b MOR  |2 21 
100 |a Morales Padrón, Francisco  |e autor  |9 536537 
245 1 0 |a Jamaica española 
300 |a 497 p 
942 |c BK 
945 |d 20000512 00:00:00  |a crobeson 
260 |a Sevilla  |b Escuela de Estudios Hispano-Americanos de Sevilla  |c 1952 
650 0 |a Historia  |9 255047 
650 7 |a DESCUBRIMIENTO Y EXPLORACIONES  |2 CL-VaPUC  |9 443021 
650 0 |a Conquista  |9 339504 
650 7 |a COLONIA  |2 CL-VaPUC  |9 443022 
651 7 |a JAMAICA  |2 CL-VaPUC  |9 350605 
583 |a last modification  |c 20000512 00:00:00  |k Rodrigo Vera 
999 |c 287784  |d 287782 
952 |0 0  |1 0  |4 0  |6 972_920000000000000_MOR_1952  |7 0  |8 A  |9 334828  |a BIBHIS  |b BIBHIS  |d 2019-11-20  |i 1274260  |o 972.92 MOR 1952  |p 1274260  |r 2025-01-20  |w 2019-11-20  |y BK  |k HIS